| 000 | 00653nam a2200193Ia 4500 | ||
|---|---|---|---|
| 008 | 151119s9999||||xx |||||||||||||| ||und|| | ||
| 082 | _a954.03 | ||
| 082 | _bGKKV20045 | ||
| 100 | _aकोलिन्स लॉरी | ||
| 245 | _aफ्रीडम अँट मिडनाईट | ||
| 260 | _aपुणे | ||
| 260 | _bमेहता पब्लीशिग हाउस | ||
| 260 | _c0 | ||
| 600 | _aकोलिन्स लॉरी | ||
| 630 | _aफ्रीडम अँट मिडनाईट | ||
| 700 | _aकोलिन्स लॉरी | ||
| 730 | _aफ्रीडम अँट मिडनाईट | ||
| 942 | _cBOOK | ||
| 999 |
_c1072947 _d1072944 |
||